Statistiques concernant 10 capitales les moins peuplées au monde

Cliquez ici pour prendre le quiz!

Statistiques générales

  • Ce quiz a été pris 96 fois
  • Le résultat moyen est 4 sur 10

Statistiques - réponses

PopulationCapitales% Correct
1 000Vatican
83%
5 248Vaduz
64%
4 493Saint-Marin
62%
1 100Yaren
39%
4 492Funafuti
34%
299Ngerulmud
29%
9 900Palikir
27%
6 675La Valette
26%
10 443Basseterre
20%
7 500Saint-Georges
19%

Distribution des résultats

Percentile par nombre de réponses

% des personnes avec chaque résultat

Votre développement - résultats

Vous n’avez pas pris ce quiz